[Event "Euro Online U2300 Day 2"]
[Site "chess.com INT"]
[Date "2020.05.26"]
[Round "5"]
[White "Caglar, Ahmet Ata"]
[Black "Averyanov, Grigori"]
[Result "1/2-1/2"]
[WhiteElo "2077"]
[BlackElo "2274"]
[WhiteFideId "6328636"]
[BlackFideId "44150288"]
[EventDate "2020.05.26"]

1. d4 Nf6 2. Nf3 e6 3. Bf4 c5 4. e3 Nc6 5. Nbd2 d6 6. dxc5 dxc5 7. Nc4 Nd5 8.
Bg3 b5 9. Nce5 Nxe5 10. Nxe5 Qb6 11. Qf3 f6 12. Qh5+ g6 13. Nxg6 hxg6 14. Qxh8
Qa5+ 15. Kd1 Bb7 16. Qg8 O-O-O 17. Qxe6+ Rd7 18. Qe8+ Rd8 19. Qe6+ Rd7 20. Qe8+
Rd8 21. Qe6+ 1/2-1/2

[Event "Euro Online U2300 Day 2"]
[Site "chess.com INT"]
[Date "2020.05.26"]
[Round "5"]
[White "Jakubowska, Anna"]
[Black "Golubenko, Valentina"]
[Result "0-1"]
[WhiteTitle "WIM"]
[BlackTitle "WGM"]
[WhiteElo "2073"]
[BlackElo "2209"]
[WhiteFideId "1121952"]
[BlackFideId "4501993"]
[EventDate "2020.05.26"]

1. e4 g6 2. d4 Bg7 3. Nc3 c5 4. Be3 Qb6 5. Nd5 Qd8 6. c3 e6 7. Nf4 cxd4 8. cxd4
Qa5+ 9. Qd2 Qxd2+ 10. Kxd2 Nc6 11. Nf3 Nf6 12. Bd3 Ng4 13. Rac1 O-O 14. a3 e5
15. dxe5 Nxe3 16. Kxe3 Nxe5 17. Rc2 d6 18. Rhc1 Bh6 19. h4 Nxd3 0-1

[Event "Euro Online U2300 Day 2"]
[Site "chess.com INT"]
[Date "2020.05.26"]
[Round "5"]
[White "Brilej, Jaka"]
[Black "Doric, Nenad"]
[Result "1/2-1/2"]
[WhiteTitle "CM"]
[BlackTitle "IM"]
[WhiteElo "2228"]
[BlackElo "2249"]
[WhiteFideId "14618818"]
[BlackFideId "14501694"]
[EventDate "2020.05.26"]

1. e4 e5 2. Nf3 Nc6 3. Bb5 a6 4. Ba4 Nf6 5. d4 exd4 6. O-O Be7 7. e5 Ne4 8. Re1
Nc5 9. Bxc6 dxc6 10. Nxd4 O-O 11. Nc3 Ne6 12. Nf5 Bc5 13. Be3 Bxe3 14. Rxe3 Qg5
15. Ng3 Rd8 16. Qe1 Nd4 17. Nce4 Qe7 18. Rc1 Nf5 19. Re2 Be6 20. Nxf5 Bxf5 21.
Ng3 Be6 22. f4 Qc5+ 23. Qf2 Qxf2+ 24. Kxf2 Bg4 1/2-1/2

[Event "Euro Online U2300 Day 2"]
[Site "chess.com INT"]
[Date "2020.05.26"]
[Round "5"]
[White "Kabanova, Ekaterina"]
[Black "Sjoberg, Isak"]
[Result "0-1"]
[WhiteTitle "WFM"]
[WhiteElo "2138"]
[BlackElo "2189"]
[WhiteFideId "24112917"]
[BlackFideId "1521640"]
[EventDate "2020.05.26"]

1. c4 Nf6 2. Nf3 g6 3. Nc3 Bg7 4. d4 O-O 5. e4 d6 6. h3 e5 7. d5 a5 8. Bd3 Na6
9. g4 Nd7 10. Be3 Ndc5 11. Bc2 c6 12. a3 f5 13. gxf5 gxf5 14. Bg5 Qb6 15. Rb1
fxe4 16. Nxe4 Nxe4 17. Bxe4 Nc5 18. Bc2 e4 19. Be3 Rxf3 20. b4 axb4 21. axb4
Nd3+ 22. Bxd3 Rxe3+ 23. fxe3 Qxe3+ 24. Be2 Qg3+ 25. Kf1 Bxh3+ 26. Rxh3 Rf8+ 27.
Bf3 Qxh3+ 28. Ke1 Qxf3 29. Qxf3 exf3 30. dxc6 bxc6 31. b5 cxb5 32. cxb5 Bd4 33.
b6 Rb8 34. b7 f2+ 35. Ke2 Bc5 36. Kf1 h5 37. Kg2 Kg7 38. Rh1 Rxb7 39. Rxh5 Rb1
40. Rf5 Rg1+ 41. Kh2 Re1 42. Kg2 f1=Q+ 43. Rxf1 Rxf1 44. Kxf1 Kf6 0-1

[Event "Euro Online U2300 Day 2"]
[Site "chess.com INT"]
[Date "2020.05.26"]
[Round "5"]
[White "Petriashvili, Nikoloz"]
[Black "Materia, Marco"]
[Result "1/2-1/2"]
[WhiteTitle "IM"]
[BlackTitle "FM"]
[WhiteElo "2423"]
[BlackElo "2269"]
[WhiteFideId "13611216"]
[BlackFideId "45150451"]
[EventDate "2020.05.26"]

1. c4 e6 2. d4 d5 3. Nf3 Nf6 4. Nc3 Be7 5. g3 O-O 6. Bg2 dxc4 7. Ne5 c5 8. dxc5
Bxc5 9. Qxd8 Rxd8 10. Nxc4 Nc6 11. O-O Bd7 12. a3 Rac8 13. Rd1 Be8 14. Bf4 e5
15. Bxc6 Rxd1+ 16. Rxd1 exf4 17. Bxb7 Rb8 18. Bf3 fxg3 19. hxg3 Rc8 20. Nd6 Rd8
21. Nxe8 Rxd1+ 22. Nxd1 Nxe8 23. e3 Kf8 24. b4 Bd6 25. Nc3 Nc7 26. Kf1 Be5 27.
Na4 Nb5 28. Nc5 Bd6 29. a4 Nc3 30. Bc6 Na2 31. Nd3 Nxb4 32. Nxb4 Bxb4 33. Kg2
Ke7 34. Bb5 Kd6 35. Bc4 f6 36. Bd3 g6 37. Kf3 Ke5 38. Ke2 1/2-1/2

[Event "Euro Online U2300 Day 2"]
[Site "chess.com INT"]
[Date "2020.05.26"]
[Round "5"]
[White "Hasanagic, Alim"]
[Black "Kacprzak, Karol"]
[Result "1-0"]
[WhiteTitle "CM"]
[WhiteElo "2225"]
[BlackElo "1988"]
[WhiteFideId "14605198"]
[BlackFideId "21819327"]
[EventDate "2020.05.26"]

1. d4 Nf6 2. Bg5 Ne4 3. Bf4 d5 4. e3 e6 5. Bd3 Bd6 6. Bxe4 Bxf4 7. Bd3 Bd6 8. f4
c5 9. c3 Nc6 10. Nf3 Qb6 11. b3 a5 12. O-O a4 13. Nbd2 Bd7 14. Kh1 h6 15. Ne5 g6
16. Qg4 Ne7 17. bxa4 f5 18. Qh4 Bxe5 19. fxe5 c4 20. Rab1 Qa5 21. Bxc4 dxc4 22.
Nxc4 Qxa4 23. Nd6+ Kd8 24. Nxb7+ Kc7 25. Qxe7 Qc6 26. Nc5 Rhb8 27. a4 g5 28. Kg1
f4 29. exf4 gxf4 30. Rxb8 Rxb8 31. Qxd7+ Qxd7 32. Nxd7 Kxd7 33. Rxf4 1-0

[Event "Euro Online U2300 Day 2"]
[Site "chess.com INT"]
[Date "2020.05.26"]
[Round "5"]
[White "Laptii, Nazar"]
[Black "Radosevic, Nenad"]
[Result "0-1"]
[WhiteElo "2180"]
[BlackElo "2157"]
[WhiteFideId "14174332"]
[BlackFideId "906395"]
[EventDate "2020.05.26"]

1. e4 e6 2. d3 e5 3. Nc3 Nf6 4. g3 Bc5 5. Bg2 a6 6. Nge2 d6 7. O-O Bg4 8. h3 Bd7
9. Kh2 Nc6 10. f4 h5 11. fxe5 Ng4+ 12. Kh1 Nf2+ 13. Rxf2 Bxf2 14. exd6 cxd6 15.
Nd5 Bg4 16. Qf1 Ba7 17. c3 h4 18. d4 hxg3 19. Nxg3 Qd7 20. Kh2 O-O-O 21. Ne3 Ne7
22. Nxg4 Qxg4 23. Bf3 Qh4 24. Bg2 f6 25. b4 d5 26. exd5 Bb8 27. Qf3 Rxd5 28. c4
Qxg3+ 29. Qxg3 Bxg3+ 30. Kxg3 Rxd4 31. Bb2 Nf5+ 32. Kh2 Rxc4 0-1

[Event "Euro Online U2300 Day 2"]
[Site "chess.com INT"]
[Date "2020.05.26"]
[Round "5"]
[White "Musovic, Armin"]
[Black "Eren, Ataberk"]
[Result "0-1"]
[WhiteTitle "FM"]
[BlackTitle "FM"]
[WhiteElo "2219"]
[BlackElo "2321"]
[WhiteFideId "939935"]
[BlackFideId "6349765"]
[EventDate "2020.05.26"]

1. a3 d5 2. Nc3 Nf6 3. d3 e5 4. Bg5 Be7 5. e4 d4 6. Nce2 c5 7. h3 h6 8. Bh4 Qa5+
9. c3 Nc6 10. Bg3 O-O 11. Bh2 Rd8 12. Qc2 c4 13. Nc1 dxc3 14. bxc3 Be6 15. Nf3
Nd4 16. Qb2 Nd7 17. Nxe5 Nxe5 18. Bxe5 Qxe5 19. cxd4 Rxd4 20. f4 Rxe4+ 0-1

[Event "Euro Online U2300 Day 2"]
[Site "chess.com INT"]
[Date "2020.05.26"]
[Round "5"]
[White "Berdnyk, Mariia"]
[Black "Khachatryan, Veronika"]
[Result "1-0"]
[WhiteTitle "FM"]
[WhiteElo "2324"]
[BlackElo "1869"]
[WhiteFideId "14137054"]
[BlackFideId "13310852"]
[EventDate "2020.05.26"]

1. c4 Nf6 2. Nc3 c5 3. g3 d5 4. cxd5 Nxd5 5. Bg2 Nc7 6. Nf3 Nc6 7. O-O e5 8. d3
Be7 9. Be3 O-O 10. Rc1 Bd7 11. Nd2 Rb8 12. Nc4 f6 13. f4 exf4 14. Bxf4 Be6 15.
Qa4 Qd4+ 16. Kh1 Ne5 17. Qxa7 Nd5 18. Nb5 Nxf4 19. Nxd4 Nxc4 20. Nxe6 Nxe6 21.
dxc4 Nd4 22. Qb6 Rfd8 23. Bd5+ Kh8 24. e3 1-0

[Event "Euro Online U2300 Day 2"]
[Site "chess.com INT"]
[Date "2020.05.26"]
[Round "5"]
[White "Bayramov, Zaur"]
[Black "Jaroch, Pawel"]
[Result "0-1"]
[WhiteTitle "FM"]
[WhiteElo "2357"]
[BlackElo "2199"]
[WhiteFideId "13405080"]
[BlackFideId "1124366"]
[EventDate "2020.05.26"]

1. c4 Nf6 2. Nc3 g6 3. g3 Bg7 4. Bg2 O-O 5. d3 c5 6. Nf3 Nc6 7. O-O d6 8. a3 Bd7
9. Rb1 a5 10. Ne1 Rb8 11. Nc2 Qc8 12. Re1 Bh3 13. Bh1 Qd7 14. b4 b6 15. Bd2 Rfc8
16. bxc5 bxc5 17. Nb5 d5 18. cxd5 Nxd5 19. Ne3 Nxe3 20. Bxe3 Nd4 21. Bxd4 cxd4
22. a4 Bh6 23. Qb3 Rc5 24. Qb2 e5 25. Bf3 Rbc8 26. Qa3 Be6 27. h4 Kg7 28. Kg2
Bd2 29. Red1 Bc3 30. Rbc1 Bb4 31. Qb2 Rxc1 32. Rxc1 Rxc1 33. Qxc1 Bb3 34. h5
Bxa4 35. h6+ Kg8 36. Nc7 Bf8 37. Nd5 Qd6 38. Qa1 Qa3 39. Qb1 Bb3 40. Nf6+ Kh8
41. Nd7 Bxh6 42. Nxe5 a4 43. Nxf7+ Bxf7 44. Qb8+ Qf8 0-1

[Event "Euro Online U2300 Day 2"]
[Site "chess.com INT"]
[Date "2020.05.26"]
[Round "5"]
[White "Gadimbayli, Abdulla"]
[Black "Ghukasyan, Siranush"]
[Result "1-0"]
[WhiteTitle "IM"]
[BlackTitle "WIM"]
[WhiteElo "2470"]
[BlackElo "2222"]
[WhiteFideId "13404938"]
[BlackFideId "13300946"]
[EventDate "2020.05.26"]

1. e4 e5 2. Nf3 Nc6 3. Nc3 Nf6 4. d4 exd4 5. Nxd4 Bb4 6. Nxc6 bxc6 7. Bd3 d5 8.
exd5 cxd5 9. O-O O-O 10. Bg5 c6 11. Qf3 Bd6 12. Rae1 Rb8 13. Nd1 Be6 14. b3 Be7
15. Ne3 h6 16. Bf4 Rb4 17. c3 Rb6 18. Nf5 Bxf5 19. Bxf5 Bd6 20. Be3 Rb7 21. Bd4
Bb8 22. Bc2 Qd6 23. g3 Re7 24. Qf5 Rxe1 25. Rxe1 Re8 26. Rxe8+ Nxe8 27. Qc8 Kf8
28. b4 Qc7 29. Bc5+ 1-0

[Event "Euro Online U2300 Day 2"]
[Site "chess.com INT"]
[Date "2020.05.26"]
[Round "5"]
[White "Mica, Marek"]
[Black "Yordanov, Lachezar"]
[Result "0-1"]
[WhiteTitle "FM"]
[BlackTitle "FM"]
[WhiteElo "2324"]
[BlackElo "2307"]
[WhiteFideId "382884"]
[BlackFideId "2918927"]
[EventDate "2020.05.26"]

1. d4 Nf6 2. Bf4 d5 3. e3 c5 4. Nc3 a6 5. dxc5 Nc6 6. Nf3 Bg4 7. Na4 e5 8. Bg3
Bxc5 9. Nxc5 Qa5+ 10. c3 Qxc5 11. h3 Bh5 12. Be2 Bxf3 13. Bxf3 O-O 14. O-O Rad8
15. Qb3 b5 16. Rad1 Rfe8 17. Bh4 e4 18. Bxf6 gxf6 19. Be2 Re5 20. a4 Rb8 21.
axb5 axb5 22. Rd2 b4 23. cxb4 Rxb4 24. Qc2 d4 25. Rc1 Qxc2 26. Rcxc2 dxe3 27.
fxe3 Ne7 28. Rd7 Kf8 29. Ra7 Rb8 30. Kf2 Rf5+ 31. Ke1 Nd5 32. Bg4 Re5 33. Kf2 h5
34. Rc8+ Rxc8 35. Bxc8 Nb4 36. Rb7 Nd3+ 37. Ke2 Rc5 38. Rb8 Rc2+ 39. Kf1 Rxb2
40. Rxb2 Nxb2 41. Bf5 Nc4 42. Bxe4 Nd2+ 43. Ke2 Nxe4 44. Kf3 Nd6 45. Kf4 Kg7 46.
g4 h4 47. g5 f5 48. Ke5 Nc4+ 49. Kxf5 Nxe3+ 50. Kf4 Ng2+ 51. Kf3 Ne1+ 52. Kg4
Kg6 53. Kxh4 Nf3+ 54. Kg4 Nxg5 55. h4 Nh7 56. Kg3 Kh5 57. Kh3 Nf8 58. Kg3 Ng6
59. Kf3 Nxh4+ 60. Kf4 f5 61. Ke3 Kg4 62. Kf2 Kf4 63. Ke1 Kg3 64. Kf1 f4 65. Ke2
f3+ 66. Ke1 f2+ 67. Kf1 Ng6 68. Ke2 Kg2 69. Kd3 f1=Q+ 70. Kd4 Qe2 71. Kc5 Qd3
72. Kc6 Qd4 0-1

[Event "Euro Online U2300 Day 2"]
[Site "chess.com INT"]
[Date "2020.05.26"]
[Round "5"]
[White "Baranow, Sergey"]
[Black "Megalios, Konstantinos"]
[Result "0-1"]
[BlackTitle "IM"]
[WhiteElo "2192"]
[BlackElo "2401"]
[WhiteFideId "24155055"]
[BlackFideId "4238044"]
[EventDate "2020.05.26"]

1. e4 e5 2. d4 exd4 3. Nf3 Nc6 4. Bc4 Nf6 5. Qe2 d6 6. h3 Be7 7. O-O O-O 8. Rd1
Ne5 9. Rxd4 Nxc4 10. Qxc4 Nxe4 11. Qe2 Nc5 12. Nc3 Bf6 13. Rd1 Re8 14. Be3 Ne4
15. Nxe4 Rxe4 16. c3 b6 17. Re1 Bb7 18. Rad1 Qd7 19. Nd2 Re6 20. Qg4 Rae8 21.
Nf3 Qe7 22. Bd2 Rxe1+ 23. Rxe1 Qd8 24. Re3 Rxe3 25. Bxe3 Qc8 26. Qf4 Qe6 27. Nd4
Qd5 28. Qg4 h5 29. Qg3 Bh4 30. Qf3 Qxf3 31. gxf3 a6 32. Kg2 g6 33. b4 Bf6 34.
Ne2 Bd5 35. a4 Bb3 36. a5 bxa5 37. bxa5 Bc4 38. Nd4 c5 39. Nc6 Bxc3 40. Kg3 Kf8
41. Kf4 Ke8 42. Ke4 Kd7 43. Na7 d5+ 44. Kf4 d4 45. Bc1 Bxa5 46. Ba3 Bb6 0-1

[Event "Euro Online U2300 Day 2"]
[Site "chess.com INT"]
[Date "2020.05.26"]
[Round "5"]
[White "Altarbosh, Ward"]
[Black "Koskela, Niina"]
[Result "1-0"]
[WhiteTitle "FM"]
[BlackTitle "WGM"]
[WhiteElo "2234"]
[BlackElo "2197"]
[WhiteFideId "7601450"]
[BlackFideId "500755"]
[EventDate "2020.05.26"]

1. e4 e5 2. Nf3 Nc6 3. Bb5 a6 4. Ba4 Nf6 5. O-O Be7 6. Qe2 b5 7. Bb3 d6 8. c3
O-O 9. Rd1 Nd7 10. d4 Bf6 11. Bd5 Bb7 12. dxe5 dxe5 13. Be3 Qe7 14. Nbd2 Na5 15.
Bxb7 Nxb7 16. c4 c6 17. a4 b4 18. b3 Ndc5 19. Ne1 Rfd8 20. g3 a5 21. h4 Rd7 22.
Rab1 Rad8 23. Ng2 h6 24. Kf1 Kh7 25. Qf3 Rd3 26. h5 Qd7 27. Ne1 Rd6 28. Ke2 Kg8
29. Qf5 Qxf5 30. exf5 e4 31. Ng2 Bc3 32. Nf4 Bxd2 33. Rxd2 Rxd2+ 34. Bxd2 Nd3
35. Be3 Nxf4+ 36. Bxf4 Rd3 37. Be3 Rc3 38. Rd1 Rxb3 39. Rd7 Rb2+ 40. Kf1 Rc2 41.
Rxb7 Rxc4 42. g4 f6 43. Ke2 Rc3 44. Rb8+ Kf7 45. Kd2 Ra3 46. Bc5 Rd3+ 47. Ke2 g5
48. hxg6+ Kg7 49. Bf8+ Kg8 50. Bxh6+ 1-0

[Event "Euro Online U2300 Day 2"]
[Site "chess.com INT"]
[Date "2020.05.26"]
[Round "5"]
[White "Droin, Augustin"]
[Black "Kamer, Kayra"]
[Result "0-1"]
[WhiteTitle "FM"]
[BlackTitle "FM"]
[WhiteElo "2313"]
[BlackElo "2325"]
[WhiteFideId "45105987"]
[BlackFideId "6367879"]
[EventDate "2020.05.26"]

1. e4 c5 2. Nf3 e6 3. d4 cxd4 4. Nxd4 a6 5. Bd3 Bc5 6. Nb3 Be7 7. Qg4 g6 8. Qe2
d6 9. c4 Nd7 10. Nc3 b6 11. a4 Bb7 12. a5 Ngf6 13. axb6 Qxb6 14. Na5 Ne5 15. Be3
Qc7 16. Nxb7 Qxb7 17. O-O O-O 18. f4 Nxd3 19. Qxd3 Rfc8 20. Bd4 Qc6 21. b3 d5
22. cxd5 exd5 23. e5 Ne4 24. Nxe4 dxe4 25. Qe3 Bc5 26. Ra4 Rab8 27. Rc4 Bxd4 28.
Qxd4 Qe6 29. Rfc1 Rd8 30. Qxe4 Rxb3 31. Rd4 Qb6 32. Rc4 Rb1+ 33. Kf2 Rd1 0-1

[Event "Euro Online U2300 Day 2"]
[Site "chess.com INT"]
[Date "2020.05.26"]
[Round "5"]
[White "Salimova, Nurgyul"]
[Black "Vardanyan, Aras"]
[Result "1/2-1/2"]
[WhiteTitle "IM"]
[WhiteElo "2372"]
[BlackElo "2178"]
[WhiteFideId "2915138"]
[BlackFideId "12808792"]
[EventDate "2020.05.26"]

1. d4 Nf6 2. c4 c5 3. d5 b5 4. cxb5 a6 5. bxa6 g6 6. Nc3 Bg7 7. Nf3 O-O 8. e4
Qa5 9. Bd3 Nxd5 10. exd5 Bxc3+ 11. bxc3 Qxc3+ 12. Qd2 Qxa1 13. O-O Bxa6 14. Bb2
Qxa2 15. Qc3 f6 16. Ra1 Qxd5 17. Rxa6 Kg7 18. Rxa8 Qxa8 19. Qxc5 Nc6 20. h4 Qa2
21. Bc3 Qa7 22. Qc4 Qa3 23. g3 Qd6 24. h5 e5 25. hxg6 hxg6 26. Qe4 f5 27. Bxe5+
Qxe5 28. Qxe5+ Nxe5 29. Nxe5 d5 30. f4 1/2-1/2

[Event "Euro Online U2300 Day 2"]
[Site "chess.com INT"]
[Date "2020.05.26"]
[Round "5"]
[White "Zverev, Lev"]
[Black "Ismayilov, Firuz"]
[Result "1-0"]
[WhiteTitle "CM"]
[WhiteElo "2087"]
[BlackElo "1590"]
[WhiteFideId "24250775"]
[BlackFideId "13416561"]
[EventDate "2020.05.26"]

1. e4 g6 2. d4 Bg7 3. Nc3 d6 4. Be3 c6 5. Qd2 b5 6. O-O-O Nd7 7. h4 h5 8. f3 Bb7
9. Nh3 Ngf6 10. Be2 O-O 11. Bh6 b4 12. Nb1 c5 13. Bxg7 Kxg7 14. Ng5 Qb6 15. g4
hxg4 16. h5 gxf3 17. Bxf3 Rh8 18. hxg6 fxg6 19. Ne6+ Kf7 20. Qg5 Kxe6 21. Qxg6
d5 22. e5 Nxe5 23. dxe5 d4 24. Bg4+ Kd5 25. exf6 e6 26. Rxh8 Rxh8 27. Qg7 Rh2
28. Re1 Ba6 29. Qd7+ Kc4 30. b3# 1-0

[Event "Euro Online U2300 Day 2"]
[Site "chess.com INT"]
[Date "2020.05.26"]
[Round "5"]
[White "Samadov, Read"]
[Black "Khalafova, Narmin"]
[Result "1-0"]
[WhiteTitle "CM"]
[BlackTitle "WGM"]
[WhiteElo "2332"]
[BlackElo "2279"]
[WhiteFideId "13417444"]
[BlackFideId "13402625"]
[EventDate "2020.05.26"]

1. d4 d6 2. c4 g6 3. Nf3 Bg7 4. g3 Bg4 5. Bg2 Nc6 6. Nc3 e5 7. d5 Nce7 8. h3
Bxf3 9. Bxf3 f5 10. e4 Nf6 11. h4 O-O 12. h5 f4 13. hxg6 Nxg6 14. Bg4 Nxg4 15.
Qxg4 Qf6 16. Bd2 fxg3 17. Qxg3 Nf4 18. O-O-O Kh8 19. Rdg1 Rg8 20. Qh2 h6 21.
Bxf4 exf4 22. e5 dxe5 23. Ne4 Qa6 24. Kb1 Raf8 25. Qh5 Qb6 26. Rg6 1-0

[Event "Euro Online U2300 Day 2"]
[Site "chess.com INT"]
[Date "2020.05.26"]
[Round "5"]
[White "Mesnyankin, Nikita"]
[Black "Terbe, Julianna"]
[Result "1-0"]
[BlackTitle "WIM"]
[WhiteElo "2176"]
[BlackElo "2273"]
[WhiteFideId "24175935"]
[BlackFideId "708780"]
[EventDate "2020.05.26"]

1. e4 c5 2. Nf3 Nc6 3. d4 cxd4 4. Nxd4 Nf6 5. Nc3 e5 6. Ndb5 d6 7. Bg5 a6 8. Na3
Be6 9. Nc4 Rb8 10. Ne3 Be7 11. Bxf6 Bxf6 12. Ncd5 Bg5 13. g3 O-O 14. Bg2 g6 15.
O-O Bh6 16. c3 Kh8 17. Kh1 b5 18. b4 a5 19. a3 f5 20. exf5 gxf5 21. Qh5 Bg7 22.
Rad1 axb4 23. axb4 Bf7 24. Qh3 Bg6 25. f4 Ne7 26. fxe5 Bxe5 27. Nf4 Qb6 28. Ned5
Nxd5 29. Nxg6+ Kg8 30. Bxd5+ Kg7 31. Nxf8 Rxf8 32. Rxf5 1-0

[Event "Euro Online U2300 Day 2"]
[Site "chess.com INT"]
[Date "2020.05.26"]
[Round "5"]
[White "Hasanagic, Anel"]
[Black "Ristic, Nenad"]
[Result "1-0"]
[WhiteTitle "CM"]
[BlackTitle "GM"]
[WhiteElo "2235"]
[BlackElo "2332"]
[WhiteFideId "14605791"]
[BlackFideId "901318"]
[EventDate "2020.05.26"]

1. e4 c6 2. Nc3 d5 3. d3 e5 4. Nf3 dxe4 5. dxe4 Qxd1+ 6. Nxd1 f6 7. Bc4 Bc5 8.
Be3 Nd7 9. Nd2 Ne7 10. Nb3 Bxe3 11. Nxe3 Nb6 12. O-O-O Nxc4 13. Nxc4 Rb8 14.
Nd6+ Kf8 15. Nxc8 Rxc8 16. Rd7 Rb8 17. Rhd1 Kf7 18. Rc7 Rhc8 19. Rdd7 Rxc7 20.
Rxc7 g5 21. Na5 Ke6 22. Rxb7 Rxb7 23. Nxb7 f5 24. f3 fxe4 25. fxe4 Ng8 26. Nc5+
Kd6 27. Nd3 Nf6 28. Nf2 h5 29. Kd2 h4 30. Kd3 Nh5 31. Ke3 Nf4 32. g3 hxg3 33.
hxg3 Nh5 34. Kf3 Nf6 35. c3 a5 36. b3 Ke6 37. Ng4 Nd7 38. Ne3 Nc5 39. Nc4 a4 40.
Nd2 a3 41. Ke3 g4 42. b4 Na4 43. Nb1 c5 44. bxc5 Kd7 45. Kd2 Nxc5 46. Ke3 Na4
47. Nxa3 Nxc3 48. Nc4 Nd1+ 49. Ke2 Nc3+ 50. Kd3 Nxa2 51. Nxe5+ Ke6 52. Nxg4 Nb4+
53. Ke3 Nc2+ 54. Kf4 Ne1 55. Nf2 Ng2+ 56. Kg5 Ke5 57. g4 Ne1 58. Kh6 Nf3 59. g5
Ke6 60. g6 Ne5 61. g7 Nf7+ 62. Kh7 Ng5+ 63. Kg6 1-0

[Event "Euro Online U2300 Day 2"]
[Site "chess.com INT"]
[Date "2020.05.26"]
[Round "5"]
[White "Upero, Jussi"]
[Black "Monteverde, Jonathan"]
[Result "1-0"]
[WhiteElo "2176"]
[BlackElo "2105"]
[WhiteFideId "504491"]
[BlackFideId "1314580"]
[EventDate "2020.05.26"]

1. e4 e6 2. d4 d5 3. Nd2 Nf6 4. e5 Nfd7 5. Bd3 c5 6. c3 Nc6 7. Ne2 cxd4 8. cxd4
f6 9. exf6 Nxf6 10. O-O Bd6 11. Nf3 Qc7 12. h3 O-O 13. Be3 Bd7 14. Re1 Be8 15.
Ng5 Bf7 16. Rc1 h6 17. Nf3 Bh5 18. Ne5 Bxe5 19. dxe5 Qxe5 20. Qb3 Bxe2 21. Rxe2
Qc7 22. Rce1 Kh8 23. Bc5 Rfe8 24. Bg6 Re7 25. Qa3 e5 26. Qg3 Rd7 27. Bf5 Rf7 28.
Qg6 1-0

[Event "Euro Online U2300 Day 2"]
[Site "chess.com INT"]
[Date "2020.05.26"]
[Round "5"]
[White "Krayz, Alexander"]
[Black "Manukyan, Sargis A."]
[Result "1/2-1/2"]
[WhiteTitle "IM"]
[BlackTitle "FM"]
[WhiteElo "2350"]
[BlackElo "2244"]
[WhiteFideId "2802066"]
[BlackFideId "13303970"]
[EventDate "2020.05.26"]

1. e4 c5 2. Nf3 d6 3. Bb5+ Bd7 4. Bxd7+ Qxd7 5. O-O Nc6 6. c3 Nf6 7. Re1 e6 8.
d3 Be7 9. Bg5 O-O 10. Nbd2 h6 11. Bh4 Rfe8 12. h3 Nh5 13. Bxe7 Qxe7 14. g3 Nf6
15. Kg2 Qc7 16. d4 cxd4 17. cxd4 d5 18. e5 Nd7 19. Nf1 Qb6 20. Re2 Ne7 21. Ne3
Rac8 22. Rc1 Rxc1 23. Qxc1 Rc8 24. Rc2 Rxc2 25. Qxc2 Qc6 26. Qd2 Nb6 27. b3 Nd7
28. h4 b6 29. h5 a5 30. Nh4 Qb5 31. f4 a4 32. bxa4 Qxa4 33. f5 Nc6 34. Nf3 Nb4
35. Kh3 Nxa2 36. f6 Qb3 37. fxg7 Nb4 38. Ng4 Qxf3 39. Qxh6 Qf1+ 40. Kh2 Qe2+ 41.
Kh3 Qf1+ 42. Kh2 Qe2+ 43. Kh3 Qf1+ 1/2-1/2

[Event "Euro Online U2300 Day 2"]
[Site "chess.com INT"]
[Date "2020.05.26"]
[Round "5"]
[White "Spitzl, Vinzent"]
[Black "Tymrakiewicz, Rafal"]
[Result "0-1"]
[WhiteTitle "FM"]
[BlackTitle "FM"]
[WhiteElo "2346"]
[BlackElo "2253"]
[WhiteFideId "12901253"]
[BlackFideId "1108832"]
[EventDate "2020.05.26"]

1. e4 Nf6 2. e5 Nd5 3. d4 d6 4. Nf3 g6 5. c4 Nb6 6. exd6 cxd6 7. Nc3 Bg7 8. h3
O-O 9. Be2 Nc6 10. O-O Bf5 11. Be3 d5 12. c5 Nc4 13. Bxc4 dxc4 14. Qa4 Bd3 15.
Rfd1 e5 16. d5 Ne7 17. d6 Nf5 18. Nd5 e4 19. Nd2 b5 20. cxb6 axb6 21. Qb4 b5 22.
Ne7+ Kh8 23. Nxf5 gxf5 24. Qc5 Qc8 25. Qd5 Qe6 26. Qc5 Rfc8 27. Qb4 Qd5 28. a3
Ra4 29. d7 Qxd7 0-1

[Event "Euro Online U2300 Day 2"]
[Site "chess.com INT"]
[Date "2020.05.26"]
[Round "5"]
[White "Curtacci, Sergio"]
[Black "Papakonstantinou, Dimitrios1"]
[Result "0-1"]
[WhiteElo "2038"]
[BlackElo "2250"]
[WhiteFideId "858048"]
[BlackFideId "4218655"]
[EventDate "2020.05.26"]

1. d4 Nf6 2. Nf3 g6 3. e3 Bg7 4. Bd3 O-O 5. O-O d6 6. Nbd2 Nbd7 7. c3 e5 8. Qc2
Re8 9. e4 h6 10. Re1 Nh5 11. Bf1 Nf8 12. dxe5 dxe5 13. Nc4 Bg4 14. Be2 Nf4 15.
Bf1 Bxf3 16. gxf3 N8e6 17. Ne3 Qh4 18. Nd5 Nh3+ 19. Bxh3 Qxh3 20. Qe2 c6 21. Nb4
Bf6 22. Nd3 Bg5 23. Rd1 Rad8 24. Bxg5 Nxg5 25. Ne1 Qh5 26. Rxd8 Rxd8 27. Rd1
Rxd1 28. Qxd1 Kg7 29. Qd3 Nh3+ 30. Kf1 Nf4 31. Kg1 Nxd3 0-1

[Event "Euro Online U2300 Day 2"]
[Site "chess.com INT"]
[Date "2020.05.26"]
[Round "5"]
[White "Grebnev, Aleksey"]
[Black "Ranaldi, Lucas"]
[Result "1-0"]
[BlackTitle "FM"]
[WhiteElo "2223"]
[BlackElo "2353"]
[WhiteFideId "34189030"]
[BlackFideId "1519484"]
[EventDate "2020.05.26"]

1. c4 c5 2. Nc3 Nc6 3. g3 g6 4. Bg2 Bg7 5. e3 e5 6. Nge2 Nge7 7. O-O O-O 8. Rb1
d6 9. a3 a5 10. d3 Rb8 11. Bd2 Be6 12. Nd5 b5 13. Nxe7+ Nxe7 14. cxb5 Rxb5 15.
Qa4 Bd7 16. Qc2 a4 17. Qc4 d5 18. Qc2 Bc6 19. Nc3 Rb3 20. Rfc1 Qb6 21. Nd1 Bb5
22. Qxc5 Qxc5 23. Rxc5 Bxd3 24. Rbc1 e4 25. Bb4 Re8 26. Nc3 d4 27. Nxa4 dxe3 28.
fxe3 Bh6 29. Bd2 Nf5 30. Kf2 Bb5 31. Rxb5 Rxb5 32. g4 Nd4 33. Rc4 Nb3 34. Bc3 1-0